|
|
|
|
| LEADER |
00000naa a2200000uu 4500 |
| 001 |
vtls011084836 |
| 003 |
SK-MaSNL |
| 005 |
20260302105041.0 |
| 008 |
210905|1995 xo |||||||||||||||||slo| |
| 015 |
|
|
|a SNBRA
|
| 035 |
|
|
|a (urnnbn)urn:nbn:sk:snk:ar-a0cljg
|
| 035 |
|
|
|a (uuid)4cddf3e3-fc85-4d73-b47e-ef3ab18946dd
|
| 035 |
|
|
|a urn:nbn:sk:snk-aavrfk
|
| 040 |
|
|
|a SNKBUCL
|b slo
|c SNKBUCL
|e AACR2
|
| 041 |
0 |
|
|a slo
|
| 044 |
|
|
|a xo
|c SK
|
| 100 |
1 |
|
|a Kušnír, D.
|4 aut
|9 783103
|
| 245 |
1 |
0 |
|a ZÁPALOVÝ FAKTOR V ETIOPATOGENÉZE PREDČASNÉHO PÔRODU
|c D. KUŠNÍR, K. ZUZČÁKOVÁ
|
| 246 |
3 |
|
|a INFLAMMATORY FACTOR IN ETHIOPATHOGENESIS OF PREMATURE DELIVERY
|
| 700 |
1 |
|
|a Zuzčáková, K.
|4 aut
|9 783104
|
| 773 |
0 |
|
|t Predčasný pôrod
|d Bratislava : Slovak Academic Press, 1995, 1995
|g S. 45-50
|z 8085665719
|
| 958 |
|
|
|a OND
|
| 958 |
|
|
|a article12
|
| 958 |
|
|
|a chapter
|
| 999 |
|
|
|c 1237241
|d 1239171
|